A Slavic translation of the Ohrid chrysobull of 1273 the Greek text of the Ohrid chrysobull /

Elmentve itt :
Bibliográfiai részletek
Szerző: Birnbaum David J.
Dokumentumtípus: Cikk
Megjelent: 1990
Sorozat:Dissertationes slavicae. sectio linguistica 21
Kulcsszavak:Könyvtörténet
Online Access:http://acta.bibl.u-szeged.hu/1319
LEADER 00701nab a2200193 i 4500
001 acta1319
005 20210310151719.0
008 161015s1990 hu o 0|| eng d
022 |a 0237-9554 
040 |a SZTE Egyetemi Kiadványok Repozitórium  |b hun 
041 |a eng 
041 |a grc 
100 1 |a Birnbaum David J. 
245 1 2 |a A Slavic translation of the Ohrid chrysobull of 1273   |h [elektronikus dokumentum] :  |b the Greek text of the Ohrid chrysobull /  |c  Birnbaum David J. 
260 |c 1990 
300 |a 267-284 
490 0 |a Dissertationes slavicae. sectio linguistica  |v 21 
695 |a Könyvtörténet 
856 4 0 |u http://acta.bibl.u-szeged.hu/1319/1/dissert_slav_ling_021_267-284.pdf  |z Dokumentum-elérés